[Event "I Magistral Villa de Almazán 2017"]
[Site "Almazan ESP"]
[Date "2017.07.19"]
[Round "5.3"]
[White "Ruperez Benito, Antonio"]
[Black "Perez Garcia, Alejandro"]
[Result "1-0"]
[WhiteElo "2293"]
[BlackElo "2358"]
[PlyCount "77"]
[EventDate "2017.07.17"]
[EventType "tourn"]
[EventRounds "9"]
[EventCountry "ESP"]
[EventCategory "3"]
[SourceTitle "Ajedrez en Madrid"]
[Source "lmi"]
[SourceDate "2017.07.17"]
[SourceVersion "1"]
[SourceVersionDate "2017.07.27"]
[SourceQuality "1"]

1. e4 c6 2. Nc3 d5 3. Nf3 Nf6 4. e5 Ne4 5. d4 Nxc3 6. bxc3 e6 7. c4 c5 8. cxd5
Qxd5 9. c4 Qe4+ 10. Be2 Nc6 11. O-O Nxd4 12. Nxd4 cxd4 13. Bf3 Qxe5 14. Rb1 Bc5
15. Bxb7 Rb8 16. Bc6+ Bd7 17. Rxb8+ Qxb8 18. Bxd7+ Kxd7 19. Qh5 Qd6 20. Qxf7+
Qe7 21. Qh5 Rf8 22. Qxh7 Rf5 23. Qh3 Ke8 24. Qd3 Qf6 25. Ba3 a5 26. Bxc5 Rxc5
27. Rb1 Qf5 28. Rb8+ Kf7 29. Qxd4 Kg6 30. h3 Re5 31. Rb3 Re1+ 32. Kh2 e5 33.
Rg3+ Kh7 34. Qh4+ Kg8 35. Qd8+ Kf7 36. Qc7+ Ke8 37. Qb8+ Ke7 38. Rxg7+ Kf6 39.
Qf8+ 1-0

[Event "I Magistral Villa de Almazán 2017"]
[Site "Almazan ESP"]
[Date "2017.07.19"]
[Round "5.4"]
[White "Lacruz Algarate, Alvaro"]
[Black "Laiz Ibañez, Hector"]
[Result "0-1"]
[WhiteElo "2186"]
[BlackElo "2269"]
[PlyCount "100"]
[EventDate "2017.07.17"]
[EventType "tourn"]
[EventRounds "9"]
[EventCountry "ESP"]
[EventCategory "3"]
[SourceTitle "Ajedrez en Madrid"]
[Source "lmi"]
[SourceDate "2017.07.17"]
[SourceVersion "1"]
[SourceVersionDate "2017.07.27"]
[SourceQuality "1"]

1. e4 e6 2. d4 d5 3. Nc3 Nf6 4. e5 Nfd7 5. f4 c5 6. Nf3 Nc6 7. Be3 Be7 8. Qd2
O-O 9. dxc5 Nxc5 10. O-O-O a6 11. Qf2 Qa5 12. f5 exf5 13. Rxd5 b6 14. Nd4 Nb4
15. Bc4 Bb7 16. Nxf5 Nxd5 17. Bxd5 Bd8 18. Bxc5 Bxd5 19. Bxf8 Kxf8 20. Nxd5
Qxd5 21. Kb1 Qxe5 22. Re1 Qd5 23. Qd4 Qxd4 24. Nxd4 Bc7 25. g3 Re8 26. Rxe8+
Kxe8 27. Kc1 Ke7 28. Kd2 Kf6 29. Ke3 Ke5 30. c4 h5 31. Nc6+ Ke6 32. Nb4 a5 33.
Nd5 Bd6 34. Kf3 Bc5 35. a3 Ke5 36. b4 axb4 37. axb4 Bg1 38. h3 b5 39. Nf4 bxc4
40. Ke2 h4 41. Kf3 hxg3 42. Ne2 Bf2 43. h4 g6 44. b5 Kd5 45. Nc3+ Kc5 46. Ke2
f5 47. Kf3 Kb4 48. Nd5+ Kxb5 49. Ne7 c3 50. Nxg6 c2 0-1

[Event "I Magistral Villa de Almazán 2017"]
[Site "Almazan ESP"]
[Date "2017.07.19"]
[Round "5.5"]
[White "Repka, Christopher"]
[Black "Villar Reymundo, Juan Antonio"]
[Result "1-0"]
[WhiteElo "2454"]
[BlackElo "2233"]
[PlyCount "46"]
[EventDate "2017.07.17"]
[EventType "tourn"]
[EventRounds "9"]
[EventCountry "ESP"]
[EventCategory "3"]
[SourceTitle "Ajedrez en Madrid"]
[Source "lmi"]
[SourceDate "2017.07.17"]
[SourceVersion "1"]
[SourceVersionDate "2017.07.27"]
[SourceQuality "1"]

1. d4 Nf6 2. Nf3 g6 3. Nc3 d5 4. Bf4 Bg7 5. e3 O-O 6. Be2 c5 7. dxc5 Qa5 8. Nd2
Qxc5 9. Nb3 Qb6 10. a4 Bf5 11. O-O Nc6 12. a5 Qd8 13. a6 bxa6 14. Bxa6 Qb6 15.
Bb5 Nb4 16. Nd4 Bg4 17. Qc1 a5 18. Na4 Qa7 19. c3 Na6 20. Be5 Ne4 21. Bxg7 Kxg7
22. c4 e5 23. Nc6 Qb7 1-0

[Event "I Magistral Villa de Almazán 2017"]
[Site "Almazan ESP"]
[Date "2017.07.20"]
[Round "6.1"]
[White "Marchena Hurtado, Javier"]
[Black "Villar Reymundo, Juan Antonio"]
[Result "1-0"]
[WhiteElo "2340"]
[BlackElo "2233"]
[PlyCount "77"]
[EventDate "2017.07.17"]
[EventType "tourn"]
[EventRounds "9"]
[EventCountry "ESP"]
[EventCategory "3"]
[SourceTitle "Ajedrez en Madrid"]
[Source "lmi"]
[SourceDate "2017.07.17"]
[SourceVersion "1"]
[SourceVersionDate "2017.07.27"]
[SourceQuality "1"]

1. e4 c5 2. Nf3 e6 3. d4 cxd4 4. Nxd4 Nc6 5. Nc3 d6 6. Be3 Nf6 7. Qd2 Be7 8. f3
O-O 9. O-O-O a6 10. g4 Nd7 11. Kb1 Nde5 12. Qg2 b5 13. Nxc6 Nxc6 14. g5 Bd7 15.
f4 Qa5 16. f5 b4 17. Ne2 b3 18. cxb3 exf5 19. Nc3 Be6 20. Bc4 fxe4 21. Nd5 Bxd5
22. Rxd5 Qc7 23. Qxe4 Rfe8 24. Qf3 Bf8 25. Rf1 g6 26. Bf4 Ra7 27. Bxd6 Bxd6 28.
Rxd6 Re1+ 29. Rxe1 Qxd6 30. a3 a5 31. Qf6 Qxf6 32. gxf6 h5 33. Bd5 Nd4 34. Re7
Ra6 35. Rxf7 Kh8 36. Rf8+ Kh7 37. f7 Rf6 38. Rc8 Rf1+ 39. Ka2 1-0

[Event "I Magistral Villa de Almazán 2017"]
[Site "Almazan ESP"]
[Date "2017.07.20"]
[Round "6.2"]
[White "Laiz Ibañez, Hector"]
[Black "Repka, Christopher"]
[Result "0-1"]
[WhiteElo "2269"]
[BlackElo "2454"]
[PlyCount "72"]
[EventDate "2017.07.17"]
[EventType "tourn"]
[EventRounds "9"]
[EventCountry "ESP"]
[EventCategory "3"]
[SourceTitle "Ajedrez en Madrid"]
[Source "lmi"]
[SourceDate "2017.07.17"]
[SourceVersion "1"]
[SourceVersionDate "2017.07.27"]
[SourceQuality "1"]

1. Nf3 d5 2. g3 Nf6 3. Bg2 Bf5 4. O-O e6 5. c4 c6 6. cxd5 exd5 7. d3 Be7 8. Nc3
O-O 9. Qc2 h6 10. e4 Bh7 11. Rd1 Na6 12. a3 Nc5 13. Nd4 a5 14. b3 Re8 15. Rb1
Bf8 16. f3 Rc8 17. Be3 Na6 18. Bc1 Bc5 19. Nce2 Qe7 20. Ra1 Bb6 21. Kh1 Qd7 22.
Qd2 dxe4 23. dxe4 Rcd8 24. b4 Qe7 25. Rb1 Nc7 26. Bb2 Nxe4 27. fxe4 Bxe4 28.
Qf4 Bxg2+ 29. Kxg2 Nd5 30. Qf3 Ne3+ 31. Kh1 Nxd1 32. Rxd1 Qxe2 33. Nxe2 Rxd1+
34. Kg2 Rd2 35. Kf1 Rxb2 36. bxa5 Ba7 0-1

[Event "I Magistral Villa de Almazán 2017"]
[Site "Almazan ESP"]
[Date "2017.07.20"]
[Round "6.3"]
[White "Perez Garcia, Alejandro"]
[Black "Lacruz Algarate, Alvaro"]
[Result "1-0"]
[WhiteElo "2358"]
[BlackElo "2186"]
[PlyCount "65"]
[EventDate "2017.07.17"]
[EventType "tourn"]
[EventRounds "9"]
[EventCountry "ESP"]
[EventCategory "3"]
[SourceTitle "Ajedrez en Madrid"]
[Source "lmi"]
[SourceDate "2017.07.17"]
[SourceVersion "1"]
[SourceVersionDate "2017.07.27"]
[SourceQuality "1"]

1. d4 Nf6 2. c4 e6 3. g3 c5 4. d5 exd5 5. cxd5 b5 6. e4 Nxe4 7. Bg2 Nd6 8. Nf3
Be7 9. O-O O-O 10. Bf4 Bb7 11. Re1 Re8 12. Nc3 b4 13. Na4 Na6 14. Rc1 Rc8 15.
Ne5 Bf8 16. Bh3 f5 17. Qh5 Bxd5 18. Rcd1 Be6 19. b3 Nb8 20. Nb2 Qf6 21. Bg5 g6
22. Qh4 Qh8 23. Bf6 Bg7 24. Bxg7 Qxg7 25. Rxd6 Bxb3 26. axb3 Rxe5 27. Rxe5 Qxe5
28. Nc4 Qe1+ 29. Bf1 Re8 30. Ne3 Qa1 31. Nd5 Re1 32. Qd8+ Kg7 33. Ne3 1-0

[Event "I Magistral Villa de Almazán 2017"]
[Site "Almazan ESP"]
[Date "2017.07.20"]
[Round "6.4"]
[White "Panelo, Marcelo"]
[Black "Ruperez Benito, Antonio"]
[Result "1/2-1/2"]
[WhiteElo "2379"]
[BlackElo "2293"]
[PlyCount "38"]
[EventDate "2017.07.17"]
[EventType "tourn"]
[EventRounds "9"]
[EventCountry "ESP"]
[EventCategory "3"]
[SourceTitle "Ajedrez en Madrid"]
[Source "lmi"]
[SourceDate "2017.07.17"]
[SourceVersion "1"]
[SourceVersionDate "2017.07.27"]
[SourceQuality "1"]

1. d4 e6 2. c4 d5 3. Nc3 Nf6 4. Nf3 Be7 5. Bg5 O-O 6. e3 h6 7. Bh4 Ne4 8. Bxe7
Qxe7 9. Rc1 c6 10. Bd3 Nxc3 11. Rxc3 Nd7 12. O-O dxc4 13. Bxc4 e5 14. Bb3 e4
15. Nd2 Nf6 16. Qb1 Bf5 17. Bc2 Bg6 18. Rc5 Nd7 19. Rc3 Nf6 1/2-1/2

[Event "I Magistral Villa de Almazán 2017"]
[Site "Almazan ESP"]
[Date "2017.07.20"]
[Round "6.5"]
[White "Cruz, Filemon"]
[Black "Garcia Albarracin, Francisco D"]
[Result "1-0"]
[WhiteElo "2337"]
[BlackElo "2347"]
[PlyCount "91"]
[EventDate "2017.07.17"]
[EventType "tourn"]
[EventRounds "9"]
[EventCountry "ESP"]
[EventCategory "3"]
[SourceTitle "Ajedrez en Madrid"]
[Source "lmi"]
[SourceDate "2017.07.17"]
[SourceVersion "1"]
[SourceVersionDate "2017.07.27"]
[SourceQuality "1"]

1. c4 d6 2. g3 e5 3. Bg2 f5 4. Nc3 Nf6 5. d3 Be7 6. Nf3 O-O 7. O-O Qe8 8. e3
Kh8 9. b3 a5 10. Bb2 Na6 11. Rc1 Bd8 12. Qe2 Rb8 13. Ne1 c6 14. Nc2 Bd7 15.
Rfd1 Qf7 16. d4 f4 17. dxe5 dxe5 18. Ba3 c5 19. Nd5 Nxd5 20. Bxd5 Qf5 21. exf4
exf4 22. Be4 Qf7 23. Bb2 Bc6 24. Bxc6 bxc6 25. Rd6 a4 26. Rcd1 f3 27. Qe4 axb3
28. axb3 Re8 29. Qd3 Bg5 30. h4 Bf6 31. Bxf6 gxf6 32. Qxf3 f5 33. Rxc6 Re6 34.
Rdd6 Rxd6 35. Rxd6 Nc7 36. Ne3 Rf8 37. Qf4 Qe7 38. Rc6 Ne8 39. Nd5 Qe1+ 40. Kg2
Ng7 41. Qe3 Qd1 42. Qxc5 Rg8 43. Rc8 Ne8 44. Qe3 f4 45. Qxf4 Qxb3 46. Qf7 1-0

[Event "I Magistral Villa de Almazán 2017"]
[Site "Almazan ESP"]
[Date "2017.07.21"]
[Round "7.1"]
[White "Garcia Albarracin, Francisco D"]
[Black "Marchena Hurtado, Javier"]
[Result "0-1"]
[WhiteElo "2347"]
[BlackElo "2340"]
[PlyCount "84"]
[EventDate "2017.07.17"]
[EventType "tourn"]
[EventRounds "9"]
[EventCountry "ESP"]
[EventCategory "3"]
[SourceTitle "Ajedrez en Madrid"]
[Source "lmi"]
[SourceDate "2017.07.17"]
[SourceVersion "1"]
[SourceVersionDate "2017.07.27"]
[SourceQuality "1"]

1. d4 Nf6 2. Nf3 g6 3. Bg5 Bg7 4. c3 O-O 5. Nbd2 d6 6. e4 c5 7. dxc5 dxc5 8.
Bc4 Nc6 9. O-O Qc7 10. Re1 Rd8 11. Qc2 Na5 12. Bf1 Be6 13. Bh4 Nh5 14. Nb3 Nxb3
15. axb3 h6 16. Bc4 Bg4 17. Re3 a6 18. b4 Rf8 19. bxc5 Qxc5 20. Bd5 Rab8 21. b4
Qc7 22. Ne1 g5 23. Bg3 Nxg3 24. hxg3 Rbc8 25. Rc1 Bd7 26. Bb3 a5 27. bxa5 Qxa5
28. Rd1 Bg4 29. Rdd3 Rc7 30. Kh2 Rfc8 31. Rd5 Qb6 32. Rdd3 Qa5 33. Rd5 Qa1 34.
e5 e6 35. Rd4 Bf5 36. Qd2 Rxc3 37. Rxc3 Qxc3 38. Qxc3 Rxc3 39. Rb4 g4 40. Rxb7
Bxe5 41. Bd1 Rc1 42. Rd7 Bc3 0-1

[Event "I Magistral Villa de Almazán 2017"]
[Site "Almazan ESP"]
[Date "2017.07.21"]
[Round "7.2"]
[White "Ruperez Benito, Antonio"]
[Black "Cruz, Filemon"]
[Result "1/2-1/2"]
[WhiteElo "2293"]
[BlackElo "2337"]
[PlyCount "131"]
[EventDate "2017.07.17"]
[EventType "tourn"]
[EventRounds "9"]
[EventCountry "ESP"]
[EventCategory "3"]
[SourceTitle "Ajedrez en Madrid"]
[Source "lmi"]
[SourceDate "2017.07.17"]
[SourceVersion "1"]
[SourceVersionDate "2017.07.27"]
[SourceQuality "1"]

1. e4 c5 2. Nf3 d6 3. Bb5+ Nd7 4. O-O Ngf6 5. Re1 e5 6. c3 Be7 7. d4 Qc7 8. Bg5
O-O 9. Nbd2 Nb6 10. a4 a6 11. dxe5 dxe5 12. a5 axb5 13. axb6 Rxa1 14. bxc7 Rxd1
15. Rxd1 Be6 16. Nxe5 Rc8 17. f4 Rxc7 18. f5 Bc8 19. Ndf3 h6 20. Bxf6 Bxf6 21.
Ng4 Be7 22. Ne3 Kf8 23. g4 Rc6 24. h4 Rd6 25. Rxd6 Bxd6 26. e5 Bb8 27. Kf2 Bd7
28. h5 Bc6 29. f6 gxf6 30. exf6 Bf4 31. b3 Be4 32. Nd2 Bd3 33. Nf3 c4 34. b4
Be4 35. Nd4 Bc6 36. Nef5 Bd2 37. Ne7 Bxc3 38. Nexc6 bxc6 39. Nxc6 Bxf6 40. Ke3
Bc3 41. Ke4 Kg7 42. Na7 Bxb4 43. Nxb5 Kf6 44. Nd4 Kg5 45. Kf3 c3 46. Nc2 Bc5
47. Ne1 Bd6 48. Nc2 Be5 49. Ne3 f6 50. Nc2 Kh4 51. Ne1 Kh3 52. Nc2 Bd6 53. Ne3
Ba3 54. Nc2 Bc1 55. Nd4 Bg5 56. Nc2 Kh2 57. Kf2 Bh4+ 58. Kf3 Kg1 59. Ke3 Kg2
60. Kd3 Kf3 61. Kxc3 Kxg4 62. Kd3 Kxh5 63. Ke2 Kg4 64. Ne3+ Kg3 65. Nf5+ Kg4
66. Nxh6+ 1/2-1/2

[Event "I Magistral Villa de Almazán 2017"]
[Site "Almazan ESP"]
[Date "2017.07.21"]
[Round "7.3"]
[White "Lacruz Algarate, Alvaro"]
[Black "Panelo, Marcelo"]
[Result "1/2-1/2"]
[WhiteElo "2186"]
[BlackElo "2379"]
[PlyCount "121"]
[EventDate "2017.07.17"]
[EventType "tourn"]
[EventRounds "9"]
[EventCountry "ESP"]
[EventCategory "3"]
[SourceTitle "Ajedrez en Madrid"]
[Source "lmi"]
[SourceDate "2017.07.17"]
[SourceVersion "1"]
[SourceVersionDate "2017.07.27"]
[SourceQuality "1"]

1. e4 c5 2. Nf3 g6 3. c3 Bg7 4. d4 cxd4 5. cxd4 d5 6. exd5 Nf6 7. Bb5+ Nbd7 8.
Nc3 O-O 9. d6 exd6 10. O-O a6 11. Be2 b5 12. Bf4 Nb6 13. b4 Nfd5 14. Nxd5 Nxd5
15. Qd2 Nxf4 16. Qxf4 Bf5 17. Rfe1 Re8 18. Bf1 Qb6 19. Rad1 h6 20. h4 h5 21.
Rxe8+ Rxe8 22. Bd3 Bg4 23. Be4 Qd8 24. Rc1 d5 25. Rc7 Be6 26. Bd3 Qf6 27. Qg3
Bf8 28. Rc6 Bh6 29. Qe5 Qxe5 30. Nxe5 Rc8 31. Rxa6 Rc1+ 32. Kh2 Rd1 33. Bxg6
Rxd4 34. Bxf7+ Bxf7 35. Rxh6 Be8 36. Re6 Kf8 37. Rd6 Rxh4+ 38. Kg3 Rxb4 39.
Rxd5 Ra4 40. Rd2 Ke7 41. f3 Kf6 42. Re2 Ra8 43. Nd3 Bf7 44. Nb4 Ra4 45. Rb2 Kg5
46. Nc6 h4+ 47. Kh2 Bc4 48. Nd4 Rxa2 49. Rxa2 Bxa2 50. Nxb5 Be6 51. Nd4 Bd7 52.
Kg1 Kf4 53. Kf2 Kg5 54. Ne2 Bc6 55. Ng1 Kf5 56. Ke3 Bb5 57. Nh3 Bf1 58. Nf4
Bxg2 59. Nxg2 h3 60. Kf2 hxg2 61. Kxg2 1/2-1/2

[Event "I Magistral Villa de Almazán 2017"]
[Site "Almazan ESP"]
[Date "2017.07.21"]
[Round "7.4"]
[White "Repka, Christopher"]
[Black "Perez Garcia, Alejandro"]
[Result "1-0"]
[WhiteElo "2454"]
[BlackElo "2358"]
[PlyCount "91"]
[EventDate "2017.07.17"]
[EventType "tourn"]
[EventRounds "9"]
[EventCountry "ESP"]
[EventCategory "3"]
[SourceTitle "Ajedrez en Madrid"]
[Source "lmi"]
[SourceDate "2017.07.17"]
[SourceVersion "1"]
[SourceVersionDate "2017.07.27"]
[SourceQuality "1"]

1. d4 d5 2. c4 c6 3. cxd5 cxd5 4. Bf4 Nc6 5. Nc3 Nf6 6. e3 Bf5 7. Qb3 Na5 8.
Bb5+ Bd7 9. Qa4 e6 10. Nf3 a6 11. Bxd7+ Nxd7 12. Bg5 Qc7 13. Bf4 Qd8 14. Bg5
Qc7 15. Rc1 b5 16. Qd1 Qb7 17. O-O Bd6 18. Qe1 b4 19. Ne2 f6 20. Bf4 e5 21. Bg3
O-O 22. b3 Rfe8 23. Qd2 Rad8 24. Ne1 Bf8 25. Nd3 e4 26. Nc5 Bxc5 27. dxc5 Ne5
28. Nd4 Nac6 29. Nf5 Nf7 30. Nd6 Nxd6 31. Bxd6 Ne5 32. c6 Qb5 33. c7 Rc8 34.
Rc5 Qb7 35. Rxd5 Nd3 36. Rd4 Qb5 37. f3 f5 38. Qe2 h5 39. g4 hxg4 40. fxe4 fxe4
41. Qxg4 Qc6 42. Bg3 Rf8 43. Qxc8 Rxc8 44. Rd8+ Qe8 45. Rxe8+ Rxe8 46. Bd6 1-0

[Event "I Magistral Villa de Almazán 2017"]
[Site "Almazan ESP"]
[Date "2017.07.21"]
[Round "7.5"]
[White "Villar Reymundo, Juan Antonio"]
[Black "Laiz Ibañez, Hector"]
[Result "1/2-1/2"]
[WhiteElo "2233"]
[BlackElo "2269"]
[PlyCount "50"]
[EventDate "2017.07.17"]
[EventType "tourn"]
[EventRounds "9"]
[EventCountry "ESP"]
[EventCategory "3"]
[SourceTitle "Ajedrez en Madrid"]
[Source "lmi"]
[SourceDate "2017.07.17"]
[SourceVersion "1"]
[SourceVersionDate "2017.07.27"]
[SourceQuality "1"]

1. d4 Nf6 2. c4 e6 3. g3 d5 4. Nf3 dxc4 5. Bg2 Bb4+ 6. Bd2 a5 7. O-O O-O 8. Na3
Bxa3 9. bxa3 Bd7 10. Ne5 Bc6 11. Nxc6 Nxc6 12. Bxc6 bxc6 13. Bg5 Qd6 14. Bxf6
gxf6 15. e3 Qxa3 16. Qg4+ Kh8 17. Qh4 Kg7 18. Qg4+ Kh8 19. Qf3 Rab8 20. Qxc6
Qd3 21. Rfd1 Qe2 22. Re1 Qd2 23. Red1 Qe2 24. Re1 Qd2 25. Red1 Qe2 1/2-1/2

[Event "I Magistral Villa de Almazán 2017"]
[Site "Almazan ESP"]
[Date "2017.07.21"]
[Round "8.1"]
[White "Marchena Hurtado, Javier"]
[Black "Laiz Ibañez, Hector"]
[Result "0-1"]
[WhiteElo "2340"]
[BlackElo "2269"]
[PlyCount "90"]
[EventDate "2017.07.17"]
[EventType "tourn"]
[EventRounds "9"]
[EventCountry "ESP"]
[EventCategory "3"]
[SourceTitle "Ajedrez en Madrid"]
[Source "lmi"]
[SourceDate "2017.07.17"]
[SourceVersion "1"]
[SourceVersionDate "2017.07.27"]
[SourceQuality "1"]

1. e4 e6 2. d4 d5 3. Nd2 Nf6 4. e5 Nfd7 5. Bd3 c5 6. c3 Nc6 7. Ne2 cxd4 8. cxd4
f6 9. exf6 Nxf6 10. Nf3 Bd6 11. O-O Qc7 12. Bg5 O-O 13. Bh4 g6 14. Bg3 Nh5 15.
Bxd6 Qxd6 16. Qd2 Bd7 17. Qe3 Nf4 18. Rfe1 a6 19. Rad1 Rae8 20. Nxf4 Qxf4 21.
Bb1 Kg7 22. Qb3 Bc8 23. Re3 Na5 24. Qc3 Nc6 25. b3 e5 26. Rd2 e4 27. g3 Qf6 28.
Nh4 g5 29. Ng2 Bh3 30. Bc2 Rc8 31. Bd1 Qd6 32. Qb2 Nb4 33. Ne1 Rc7 34. a3 Nc6
35. g4 Bf1 36. Kxf1 Qxh2 37. f3 Qh1+ 38. Kf2 h5 39. Rxe4 dxe4 40. d5+ Kg8 41.
Qc3 Re7 42. Qe3 Qh4+ 43. Kf1 exf3 44. Qf2 Qh1+ 45. Qg1 Rxe1+ 0-1

[Event "I Magistral Villa de Almazán 2017"]
[Site "Almazan ESP"]
[Date "2017.07.21"]
[Round "8.2"]
[White "Perez Garcia, Alejandro"]
[Black "Villar Reymundo, Juan Antonio"]
[Result "1-0"]
[WhiteElo "2358"]
[BlackElo "2233"]
[PlyCount "93"]
[EventDate "2017.07.17"]
[EventType "tourn"]
[EventRounds "9"]
[EventCountry "ESP"]
[EventCategory "3"]
[SourceTitle "Ajedrez en Madrid"]
[Source "lmi"]
[SourceDate "2017.07.17"]
[SourceVersion "1"]
[SourceVersionDate "2017.07.27"]
[SourceQuality "1"]

1. Nf3 Nf6 2. c4 b6 3. g3 Bb7 4. Bg2 c5 5. O-O g6 6. d4 cxd4 7. Qxd4 Bg7 8. Nc3
d6 9. Rd1 Nbd7 10. Rb1 Rc8 11. b3 O-O 12. Qh4 a6 13. g4 b5 14. g5 Nh5 15. Nd5
e6 16. Nf4 Nxf4 17. Bxf4 d5 18. cxd5 exd5 19. e4 Nc5 20. exd5 Ne4 21. Be5 Nc3
22. Bxg7 Kxg7 23. Ne5 f6 24. Nxg6 fxg5 25. Nxf8 gxh4 26. Ne6+ Kf6 27. Nxd8 Rxd8
28. Rbc1 Nxd1 29. Rxd1 h3 30. Be4 Ke5 31. f3 Rg8+ 32. Kf2 Rg2+ 33. Ke3 Kd6 34.
Rd2 Rxd2 35. Kxd2 Bxd5 36. Bxd5 Kxd5 37. Ke3 Ke5 38. f4+ Kf5 39. b4 h6 40. Kf3
h5 41. Ke3 Kf6 42. Ke4 Ke6 43. f5+ Kf6 44. Kf4 Kf7 45. Kg5 Kg7 46. Kxh5 Kf7 47.
Kh4 1-0

[Event "I Magistral Villa de Almazán 2017"]
[Site "Almazan ESP"]
[Date "2017.07.21"]
[Round "8.3"]
[White "Panelo, Marcelo"]
[Black "Repka, Christopher"]
[Result "1-0"]
[WhiteElo "2379"]
[BlackElo "2454"]
[PlyCount "44"]
[EventDate "2017.07.17"]
[EventType "tourn"]
[EventRounds "9"]
[EventCountry "ESP"]
[EventCategory "3"]
[SourceTitle "Ajedrez en Madrid"]
[Source "lmi"]
[SourceDate "2017.07.17"]
[SourceVersion "1"]
[SourceVersionDate "2017.07.27"]
[SourceQuality "1"]

1. d4 d5 2. Nf3 Nf6 3. c4 e6 4. Nc3 c6 5. e3 Nbd7 6. Bd3 dxc4 7. Bxc4 Bd6 8.
O-O O-O 9. Bb3 e5 10. h3 Qe7 11. Qc2 b5 12. Bd2 Bb7 13. Rfe1 b4 14. Ne4 Nxe4
15. Qxe4 Rab8 16. Qh4 Qe8 17. e4 exd4 18. e5 Be7 19. Bg5 Bxg5 20. Nxg5 h6 21.
e6 Qc8 22. exd7 hxg5 1-0

[Event "I Magistral Villa de Almazán 2017"]
[Site "Almazan ESP"]
[Date "2017.07.21"]
[Round "8.4"]
[White "Cruz, Filemon"]
[Black "Lacruz Algarate, Alvaro"]
[Result "1-0"]
[WhiteElo "2337"]
[BlackElo "2186"]
[PlyCount "73"]
[EventDate "2017.07.17"]
[EventType "tourn"]
[EventRounds "9"]
[EventCountry "ESP"]
[EventCategory "3"]
[SourceTitle "Ajedrez en Madrid"]
[Source "lmi"]
[SourceDate "2017.07.17"]
[SourceVersion "1"]
[SourceVersionDate "2017.07.27"]
[SourceQuality "1"]

1. c4 e5 2. Nc3 Nc6 3. g3 g6 4. Bg2 Bg7 5. Rb1 a5 6. a3 f5 7. d3 Nf6 8. Nf3 d6
9. O-O O-O 10. b4 axb4 11. axb4 h6 12. Ne1 g5 13. Nc2 f4 14. b5 Ne7 15. Nb4 Qe8
16. Nbd5 Nexd5 17. Nxd5 Nxd5 18. Bxd5+ Kh8 19. Bb2 Qh5 20. Bg2 Bh3 21. Ra1 Rxa1
22. Bxa1 g4 23. Bxb7 f3 24. exf3 gxf3 25. Re1 Bg2 26. Re4 Bf6 27. d4 Qh3 28.
Re3 e4 29. Bxe4 Bg5 30. Rxf3 Bxf3 31. Bxf3 Qf5 32. Kg2 Re8 33. c5 dxc5 34.
dxc5+ Bf6 35. b6 cxb6 36. cxb6 Qg6 37. Qd6 1-0

[Event "I Magistral Villa de Almazán 2017"]
[Site "Almazan ESP"]
[Date "2017.07.21"]
[Round "8.5"]
[White "Garcia Albarracin, Francisco D"]
[Black "Ruperez Benito, Antonio"]
[Result "1/2-1/2"]
[WhiteElo "2347"]
[BlackElo "2293"]
[PlyCount "142"]
[EventDate "2017.07.17"]
[EventType "tourn"]
[EventRounds "9"]
[EventCountry "ESP"]
[EventCategory "3"]
[SourceTitle "Ajedrez en Madrid"]
[Source "lmi"]
[SourceDate "2017.07.17"]
[SourceVersion "1"]
[SourceVersionDate "2017.07.27"]
[SourceQuality "1"]

1. d4 e6 2. Nf3 d5 3. Bf4 Bd6 4. Bg3 Nf6 5. Nbd2 Nbd7 6. e3 Ne4 7. Nxe4 dxe4 8.
Nd2 f5 9. Nc4 Nf6 10. Nxd6+ cxd6 11. Bb5+ Bd7 12. Be2 Qe7 13. Qd2 Bc6 14. c4
O-O 15. Qc3 b6 16. Rc1 Rac8 17. h4 Rfd8 18. b4 Be8 19. Qb2 Bh5 20. f3 Re8 21.
f4 Rc7 22. O-O Rec8 23. Bxh5 Nxh5 24. Bf2 Nf6 25. Qb3 Ng4 26. g3 h6 27. Kg2 Qf7
28. a4 Qh5 29. Rc3 g5 30. c5 d5 31. fxg5 hxg5 32. Qb2 gxh4 33. Rh1 Nxf2 34.
Qxf2 Rg7 35. c6 Qg4 36. Rh3 Kf7 37. Rc2 Ke7 38. b5 Rcg8 39. Qe2 Qxe2+ 40. Rxe2
Rxg3+ 41. Kh2 Rxh3+ 42. Kxh3 Kd6 43. Rc2 Rh8 44. Rg2 Ke7 45. Rg7+ Kf6 46. Rxa7
f4 47. a5 bxa5 48. exf4 e3 49. Rxa5 Ke7 50. Ra7+ Kd8 51. b6 e2 52. Ra1 Ke7 53.
Re1 Kd6 54. Rxe2 Kxc6 55. Rxe6+ Kd7 56. f5 Rf8 57. Kg4 Rh8 58. Re2 h3 59. Rh2
Kc6 60. f6 Kxb6 61. Kf5 Kb5 62. Kg6 Kc4 63. f7 Kxd4 64. Kg7 Ra8 65. Rxh3 Ke4
66. f8=Q Rxf8 67. Kxf8 d4 68. Ke7 d3 69. Rh1 d2 70. Ke6 Kd3 71. Kd5 Kc2 1/2-1/2

[Event "I Magistral Villa de Almazán 2017"]
[Site "Almazan ESP"]
[Date "2017.07.22"]
[Round "9.1"]
[White "Ruperez Benito, Antonio"]
[Black "Marchena Hurtado, Javier"]
[Result "1-0"]
[WhiteElo "2293"]
[BlackElo "2340"]
[PlyCount "41"]
[EventDate "2017.07.17"]
[EventType "tourn"]
[EventRounds "9"]
[EventCountry "ESP"]
[EventCategory "3"]
[SourceTitle "Ajedrez en Madrid"]
[Source "lmi"]
[SourceDate "2017.07.17"]
[SourceVersion "1"]
[SourceVersionDate "2017.07.27"]
[SourceQuality "1"]

1. e4 c6 2. Nc3 d5 3. Nf3 Bg4 4. d4 dxe4 5. Nxe4 Bxf3 6. Qxf3 Qxd4 7. Be3 Qxb2
8. Bc4 Nf6 9. O-O Qe5 10. Ng5 e6 11. Rad1 Be7 12. Rfe1 O-O 13. Bf4 Qf5 14. Nxe6
Nbd7 15. Nxg7 Qc5 16. Rxe7 Kxg7 17. Rexd7 Nxd7 18. Rxd7 Rae8 19. Bh6+ Kxh6 20.
Qf6+ Kh5 21. Bxf7+ 1-0

[Event "I Magistral Villa de Almazán 2017"]
[Site "Almazan ESP"]
[Date "2017.07.22"]
[Round "9.2"]
[White "Lacruz Algarate, Alvaro"]
[Black "Garcia Albarracin, Francisco D"]
[Result "1-0"]
[WhiteElo "2186"]
[BlackElo "2347"]
[PlyCount "91"]
[EventDate "2017.07.17"]
[EventType "tourn"]
[EventRounds "9"]
[EventCountry "ESP"]
[EventCategory "3"]
[SourceTitle "Ajedrez en Madrid"]
[Source "lmi"]
[SourceDate "2017.07.17"]
[SourceVersion "1"]
[SourceVersionDate "2017.07.27"]
[SourceQuality "1"]

1. e4 d5 2. exd5 Qxd5 3. Nc3 Qd8 4. d4 Nf6 5. Bf4 c6 6. Nf3 Bg4 7. Be2 e6 8.
O-O Bxf3 9. Bxf3 Bd6 10. Qd2 O-O 11. Rad1 Bxf4 12. Qxf4 Nbd7 13. Rfe1 Qa5 14.
a3 Rad8 15. h4 Nd5 16. Nxd5 cxd5 17. h5 h6 18. Be2 Rc8 19. Bd3 Qc7 20. Qh4 Qd8
21. Qh2 Re8 22. Re2 a6 23. Rde1 Qb6 24. c3 Qc7 25. f4 Nf6 26. Qh4 b5 27. Re3
Kf8 28. Rf1 Ng8 29. g4 Qd8 30. g5 f5 31. Rfe1 Qd7 32. R1e2 Re7 33. Rg2 a5 34.
Qe1 Qd6 35. Re5 b4 36. axb4 axb4 37. Rge2 Rc6 38. cxb4 Qc7 39. Qf2 Rc1+ 40. Kg2
Qb6 41. b5 Rd1 42. Qe3 hxg5 43. fxg5 f4 44. Rf2 Rf7 45. Rxf4 Qc7 46. Bg6 1-0